[Event "ISR-chT"]
[Site "Israel"]
[Date "2024.02.09"]
[Round "5.36"]
[White "Guz, Ari"]
[Black "Krayz, Alexander"]
[Result "1-0"]
[WhiteElo "2308"]
[BlackElo "2316"]
[PlyCount "83"]
[EventDate "2024.01.10"]
[EventType "team-tourn"]
[EventRounds "11"]
[EventCountry "ISR"]
[SourceTitle "CBM 218 Extra"]
[Source "ChessBase"]
[SourceDate "2024.03.31"]
[SourceVersion "1"]
[SourceVersionDate "2024.03.31"]
[SourceQuality "1"]
[WhiteTeam "Rishon Le iZion II"]
[BlackTeam "Herzliya CC"]
[WhiteTeamCountry "ISR"]
[BlackTeamCountry "ISR"]

1. d4 Nf6 2. c4 e6 3. Nf3 b6 4. g3 Ba6 5. b3 Bb4+ 6. Bd2 Be7 7. Nc3 c6 8. e4 d5 9. Bd3 c5 10. exd5 exd5 11. Nxd5 Nxd5 12. Be4 Bb7 13. dxc5 bxc5 14. Bc3 Bf6 15. Bxf6 Qxf6 16. Bxd5 Bxd5 17. cxd5 0-0 18. 0-0 Rd8 19. Qe2 Nd7 20. Rfe1 Nb6 21. Rad1 h6 22. Qe4 Nc8 23. Ne5 Nd6 24. Qc2 Re8 25. f4 Rac8 26. Nc6 a6 27. Qxc5 Kh7 28. Qc2+ g6 29. Re5 Kg7 30. Qe2 Ra8 31. Re1 h5 32. Qf2 Rh8 33. Qb2 Rhe8 34. Qd4 Nf5 35. Qf2 Rec8 36. h3 Nd6 37. g4 hxg4 38. hxg4 Nb5 39. a4 Nc7 40. g5 Qd6 41. Qd4 Kh7 42. R1e2 1-0

[Event "ISR-chT"]
[Site "Israel"]
[Date "2021.04.22"]
[Round "1.4"]
[White "Krayz, Alexander"]
[Black "Zlatin, Alexander"]
[Result "1/2-1/2"]
[WhiteElo "2352"]
[BlackElo "2335"]
[PlyCount "104"]
[EventDate "2021.04.22"]
[EventType "team-tourn"]
[EventRounds "11"]
[EventCountry "ISR"]
[SourceTitle "EXT 2022"]
[Source "ChessBase"]
[SourceDate "2021.10.06"]
[SourceVersion "1"]
[SourceVersionDate "2021.10.06"]
[SourceQuality "1"]
[WhiteTeam "Herzliya"]
[BlackTeam "Tsafrir Rehovot"]
[WhiteTeamCountry "ISR"]
[BlackTeamCountry "ISR"]

1. e4 e5 2. Nf3 Nf6 3. Nxe5 d6 4. Nf3 Nxe4 5. Qe2 Qe7 6. d3 Nf6 7. Bg5 Qxe2+ 8. Bxe2 Be7 9. Nc3 h6 10. Bf4 Nc6 11. 0-0-0 Bf5 12. h3 0-0-0 13. g4 Bg6 14. Rhe1 Rhe8 15. Bf1 Bf8 16. Bg2 Rxe1 17. Rxe1 Re8 18. Rxe8+ Nxe8 19. Nd5 Ne7 20. Nh4 Bh7 21. Be3 c6 22. Nc3 Kc7 23. f4 Nc8 24. b4 d5 25. b5 Bd6 26. Nf3 a6 27. bxc6 bxc6 28. Na4 Nf6 29. Ne5 Bxe5 30. fxe5 Nd7 31. Bd4 Ne7 32. Nc5 Nxc5 33. Bxc5 Ng6 34. Bf1 Nf4 35. Kb2 Ne6 36. Be3 Bg6 37. Kb3 h5 38. Kb4 hxg4 39. hxg4 f6 40. exf6 gxf6 41. Ka5 Kb7 42. d4 Bxc2 43. Bxa6+ Kc7 44. Be2 c5 45. dxc5 d4 46. Bd2 Nxc5 47. Kb4 Ne4 48. Bf4+ Kd8 49. Bf3 Nc3 50. Kc4 Bd1 51. Bxd1 Nxd1 52. a4 Kc8 1/2-1/2

[Event "EU-ch qual Online"]
[Site "Tornelo INT"]
[Date "2020.12.18"]
[Round "11"]
[White "Fataliyeva, Ulviyya Hasil Qizi"]
[Black "Krayz, Alexander"]
[Result "0-1"]
[WhiteElo "2301"]
[BlackElo "2346"]
[PlyCount "52"]
[EventDate "2020.12.18"]
[EventType "swiss"]
[EventRounds "11"]
[EventCountry "POL"]
[SourceTitle "CBM 199 Extra"]
[Source "ChessBase"]
[SourceDate "2021.01.31"]
[SourceVersion "1"]
[SourceVersionDate "2021.01.31"]
[SourceQuality "1"]

1. d4 Nf6 2. c4 e6 3. Nc3 Bb4 4. e3 b6 5. Bd3 Bb7 6. Nf3 0-0 7. 0-0 d5 8. a3 Be7 9. cxd5 exd5 10. b4 a6 11. Ne5 Nbd7 12. f4 c5 13. bxc5 bxc5 14. Rb1 Rb8 15. Qa4 Nxe5 16. fxe5 Ne4 17. Bxe4 dxe4 18. d5 Bg5 19. Qxe4 Qe7 20. Rf5 Bh6 21. Qf3 Ba8 22. Rxb8 Rxb8 23. h3 c4 24. Kh1 g6 25. Rf6 Bg7 26. d6 Qd7 0-1

[Event "EU-ch qual Online"]
[Site "Tornelo INT"]
[Date "2020.12.18"]
[Round "10"]
[White "Krayz, Alexander"]
[Black "Grigorian, Spartak"]
[Result "0-1"]
[WhiteElo "2346"]
[BlackElo "2433"]
[PlyCount "74"]
[EventDate "2020.12.18"]
[EventType "swiss"]
[EventRounds "11"]
[EventCountry "POL"]
[SourceTitle "CBM 199 Extra"]
[Source "ChessBase"]
[SourceDate "2021.01.31"]
[SourceVersion "1"]
[SourceVersionDate "2021.01.31"]
[SourceQuality "1"]

1. e4 c5 2. Nf3 d6 3. Bb5+ Nd7 4. Ba4 a6 5. c4 Ngf6 6. Nc3 e6 7. d3 Be7 8. 0-0 0-0 9. a3 Qc7 10. Bd2 b6 11. b4 Bb7 12. Rb1 Rfd8 13. Qe2 Rab8 14. Rb2 h6 15. Rfb1 Ba8 16. h3 Nf8 17. Bf4 Ng6 18. Bg3 Nh5 19. Bh2 Nhf4 20. Qd2 Bf6 21. Rc2 Bxc3 22. Rxc3 e5 23. Rcb3 Rf8 24. R3b2 Ne6 25. Qe3 f5 26. exf5 Rxf5 27. Bd1 Rbf8 28. bxc5 bxc5 29. Bg3 Ngf4 30. Nd2 Nxg2 31. Qe2 Nd4 32. Qf1 Ne3 33. Qe1 Nxd1 34. Qxd1 Nf3+ 35. Nxf3 Rxf3 36. Qd2 Qc6 37. Kh2 Rxd3 0-1

[Event "EU-ch qual Online"]
[Site "Tornelo INT"]
[Date "2020.12.18"]
[Round "3"]
[White "Krayz, Alexander"]
[Black "Rudzinska, Michalina"]
[Result "1-0"]
[WhiteElo "2346"]
[BlackElo "2189"]
[PlyCount "69"]
[EventDate "2020.12.18"]
[EventType "swiss"]
[EventRounds "11"]
[EventCountry "POL"]
[SourceTitle "CBM 199 Extra"]
[Source "ChessBase"]
[SourceDate "2021.01.31"]
[SourceVersion "1"]
[SourceVersionDate "2021.01.31"]
[SourceQuality "1"]

1. e4 c5 2. Nf3 e6 3. c3 d5 4. exd5 Qxd5 5. d4 Nf6 6. Be3 cxd4 7. cxd4 Nc6 8. Nc3 Qd6 9. Bc4 Be7 10. 0-0 0-0 11. Rc1 Nb4 12. Bb3 Bd7 13. Re1 Bc6 14. Ne5 Rfd8 15. Nxc6 bxc6 16. Qe2 Nbd5 17. Bd2 Nf4 18. Qf3 N6d5 19. Ne4 Qc7 20. g3 Ng6 21. h4 Rac8 22. h5 Nf8 23. h6 g6 24. Bxd5 exd5 25. Nf6+ Kh8 26. Bf4 Qb7 27. Be5 Bd6 28. Bxd6 Rxd6 29. Ne8 Re6 30. Rxe6 Nxe6 31. Qf6+ Kg8 32. Nd6 Qxb2 33. Qxf7+ Kh8 34. Re1 Rf8 35. Rxe6 1-0

[Event "ISR-chT"]
[Site "Israel"]
[Date "2020.09.05"]
[Round "10.6"]
[White "Huzman, Alexander"]
[Black "Krayz, Alexander"]
[Result "1/2-1/2"]
[WhiteElo "2567"]
[BlackElo "2359"]
[PlyCount "112"]
[EventDate "2020.01.10"]
[EventType "team-tourn"]
[EventRounds "11"]
[EventCountry "ISR"]
[SourceTitle "EXT 2021"]
[Source "ChessBase"]
[SourceDate "2020.10.23"]
[SourceVersion "1"]
[SourceVersionDate "2020.10.23"]
[SourceQuality "1"]
[WhiteTeam "Beer Sheva Eliyahu Levant"]
[BlackTeam "Herzliya"]
[WhiteTeamCountry "ISR"]
[BlackTeamCountry "ISR"]

1. d4 Nf6 2. c4 e6 3. g3 Bb4+ 4. Bd2 Bxd2+ 5. Qxd2 0-0 6. Bg2 d6 7. Nc3 Qe7 8. Nf3 Re8 9. e4 e5 10. 0-0 Bg4 11. Ne1 Qd7 12. Nc2 Bh3 13. f3 Bxg2 14. Kxg2 Nc6 15. b3 Nxd4 16. Nxd4 exd4 17. Qxd4 Qe7 18. Rfd1 Qe5 19. Rac1 Qxd4 20. Rxd4 Kf8 21. Nd5 Nxd5 22. cxd5 Re7 23. Rdc4 Rc8 24. b4 a6 25. a4 Ke8 26. b5 axb5 27. axb5 b6 28. Ra1 Kd7 29. Ra7 Kd8 30. Rca4 Rb8 31. Ra8 Kc8 32. Rxb8+ Kxb8 33. f4 f6 34. Kf3 g6 35. h4 Kb7 36. h5 Rg7 37. Ra1 Kc8 38. hxg6 hxg6 39. Ra8+ Kd7 40. Rh8 Ke7 41. f5 gxf5 42. exf5 Kd7 43. Kf4 Ke7 44. g4 Kd7 45. Rh1 Ke7 46. Re1+ Kf7 47. Rc1 Kf8 48. g5 Rxg5 49. Rxc7 Rg1 50. Rd7 Rf1+ 51. Ke3 Re1+ 52. Kd2 Rb1 53. Rxd6 Rxb5 54. Kc3 Kf7 55. Kc4 Rb1 56. Re6 Rc1+ 1/2-1/2

[Event "EU-ch Online 2300+ Final"]
[Site "Chess.com INT"]
[Date "2020.05.30"]
[Round "8"]
[White "Krayz, Alexander"]
[Black "Budrewicz, Krzysztof"]
[Result "1-0"]
[WhiteElo "2350"]
[BlackElo "2227"]
[PlyCount "41"]
[EventDate "2020.05.30"]
[EventType "swiss"]
[EventRounds "8"]
[EventCountry "NET"]
[SourceTitle "CBM 196 Extra"]
[Source "ChessBase"]
[SourceDate "2020.07.31"]
[SourceVersion "1"]
[SourceVersionDate "2020.07.31"]
[SourceQuality "1"]

1. e4 c5 2. Nf3 e6 3. c3 Nf6 4. e5 Nd5 5. d4 cxd4 6. cxd4 d6 7. Bc4 Nb6 8. Bd3 N8d7 9. Qe2 dxe5 10. dxe5 Nc5 11. Bc2 Be7 12. 0-0 0-0 13. Nc3 Bd7 14. b4 Nca4 15. Ne4 Bxb4 16. Qd3 g6 17. Nf6+ Kh8 18. Ng5 Nd5 19. Ngxh7 Nxf6 20. Nxf6 Kg7 21. Bh6+ 1-0

[Event "EU-ch Online 2300+ Final"]
[Site "Chess.com INT"]
[Date "2020.05.30"]
[Round "2"]
[White "Krayz, Alexander"]
[Black "Demchenko, Anton"]
[Result "0-1"]
[WhiteElo "2350"]
[BlackElo "2641"]
[PlyCount "100"]
[EventDate "2020.05.30"]
[EventType "swiss"]
[EventRounds "8"]
[EventCountry "NET"]
[SourceTitle "CBM 196 Extra"]
[Source "ChessBase"]
[SourceDate "2020.07.31"]
[SourceVersion "1"]
[SourceVersionDate "2020.07.31"]
[SourceQuality "1"]

1. e4 e5 2. Nf3 Nc6 3. Bb5 a6 4. Ba4 Nge7 5. c3 d6 6. 0-0 Bd7 7. d4 Ng6 8. Re1 Be7 9. Nbd2 0-0 10. Nf1 b5 11. Bb3 exd4 12. cxd4 Na5 13. Bc2 c5 14. Ng3 Re8 15. h3 Rc8 16. d5 Nh4 17. Bf4 Nxf3+ 18. Qxf3 Nc4 19. Nh5 g6 20. Qg3 Bh4 21. Qf3 gxh5 22. e5 Nxe5 23. Qxh5 Ng6 24. Rxe8+ Bxe8 25. Re1 Bf6 26. Bh6 Bxb2 27. f4 Qh4 28. Qxh4 Nxh4 29. f5 Bd7 30. Rf1 Re8 31. Rf4 Re2 32. Be4 Bf6 33. g3 Rxe4 34. Rxe4 Nxf5 35. Bf4 Be5 36. Bxe5 dxe5 37. Rxe5 Kf8 38. Kf2 c4 39. g4 Nd6 40. Ke3 b4 41. Kd4 c3 42. Re2 a5 43. Kc5 Nb5 44. d6 Na3 45. Kb6 a4 46. Kc7 Bb5 47. Re1 c2 48. d7 Bxd7 49. Kxd7 b3 50. axb3 axb3 0-1

[Event "EU-ch Online 2300+ Final"]
[Site "Chess.com INT"]
[Date "2020.05.30"]
[Round "7"]
[White "Materia, Marco"]
[Black "Krayz, Alexander"]
[Result "0-1"]
[WhiteElo "2269"]
[BlackElo "2350"]
[PlyCount "72"]
[EventDate "2020.05.30"]
[EventType "swiss"]
[EventRounds "8"]
[EventCountry "NET"]
[SourceTitle "CBM 196 Extra"]
[Source "ChessBase"]
[SourceDate "2020.07.31"]
[SourceVersion "1"]
[SourceVersionDate "2020.07.31"]
[SourceQuality "1"]

1. d4 Nf6 2. c4 e6 3. Nf3 b6 4. a3 Bb7 5. Bf4 Be7 6. Nc3 d6 7. d5 e5 8. Bg3 Nh5 9. e4 g6 10. Be2 Nd7 11. Qd2 Nc5 12. Bd1 a5 13. Bc2 Bc8 14. 0-0 a4 15. Rae1 Bg4 16. Bd1 Bd7 17. Kh1 0-0 18. Ng1 Bg5 19. Qc2 Nf4 20. f3 f5 21. Bf2 Nfd3 22. Re2 Nxf2+ 23. Rexf2 Be3 24. Re2 Bd4 25. Ree1 Qh4 26. Nge2 fxe4 27. Nxe4 Nxe4 28. fxe4 Bf2 29. g3 Qh6 30. Nc3 Bxe1 31. Rxe1 Rf7 32. Kg2 Raf8 33. Qe2 Bh3+ 34. Kg1 Qe3+ 35. Qxe3 Rf1+ 36. Rxf1 Rxf1# 0-1

[Event "EU-ch Online 2300+ Final"]
[Site "Chess.com INT"]
[Date "2020.05.30"]
[Round "3"]
[White "Romanov, Evgeny"]
[Black "Krayz, Alexander"]
[Result "1-0"]
[WhiteElo "2599"]
[BlackElo "2350"]
[PlyCount "75"]
[EventDate "2020.05.30"]
[EventType "swiss"]
[EventRounds "8"]
[EventCountry "NET"]
[SourceTitle "CBM 196 Extra"]
[Source "ChessBase"]
[SourceDate "2020.07.31"]
[SourceVersion "1"]
[SourceVersionDate "2020.07.31"]
[SourceQuality "1"]

1. d4 Nf6 2. c4 e6 3. Nf3 b6 4. g3 Ba6 5. Qb3 Bb7 6. Bg2 c5 7. dxc5 Bxc5 8. 0-0 Be7 9. Nc3 Na6 10. Bf4 Nc5 11. Qc2 0-0 12. Rfd1 a6 13. b4 Nce4 14. Nxe4 Bxe4 15. Qb3 d6 16. Rac1 Qb8 17. Qe3 Rd8 18. c5 bxc5 19. bxc5 h6 20. Rd4 e5 21. Rxe4 exf4 22. gxf4 Nxe4 23. Qxe4 Qb2 24. Rd1 Bf8 25. cxd6 Rac8 26. d7 Rc1 27. Qd3 Qa1 28. Rf1 Rxf1+ 29. Bxf1 Bc5 30. e3 Qf6 31. Ne5 Qd6 32. Qc4 Rf8 33. d8Q Qxd8 34. Qxc5 a5 35. Bc4 Qd2 36. Qd5 Qc1+ 37. Kg2 Qb2 38. Ng6 1-0

[Event "EU-ch Online 2300+ Qual"]
[Site "Chess.com INT"]
[Date "2020.05.29"]
[Round "6"]
[White "Ivanov, Oleg V"]
[Black "Krayz, Alexander"]
[Result "0-1"]
[WhiteElo "2458"]
[BlackElo "2350"]
[PlyCount "92"]
[EventDate "2020.05.29"]
[EventType "swiss"]
[EventRounds "8"]
[EventCountry "NET"]
[SourceTitle "CBM 196 Extra"]
[Source "ChessBase"]
[SourceDate "2020.07.31"]
[SourceVersion "1"]
[SourceVersionDate "2020.07.31"]
[SourceQuality "1"]

1. e4 e6 2. d4 d5 3. Nc3 Bb4 4. Bd3 Ne7 5. exd5 exd5 6. Nge2 Bf5 7. 0-0 0-0 8. Bf4 c6 9. Ng3 Bxd3 10. Qxd3 Ng6 11. Nce2 Nxf4 12. Nxf4 Bd6 13. Qf3 Nd7 14. Nf5 Nf6 15. Rfe1 g6 16. Nxd6 Qxd6 17. Nd3 Ne4 18. Qe3 Rae8 19. f3 Nf6 20. Qg5 Rxe1+ 21. Rxe1 Re8 22. Re5 Kg7 23. Qe3 Qd7 24. Nc5 Qc8 25. Rxe8 Nxe8 26. Qe7 Nc7 27. Kf2 Kg8 28. Nd7 Ne6 29. Nf6+ Kg7 30. Ne8+ Kg8 31. Nd6 Qf8 32. Qxf8+ Kxf8 33. Nxb7 Nxd4 34. c3 Ne6 35. Na5 Nd8 36. c4 Ke7 37. Ke3 Kd6 38. cxd5 cxd5 39. b4 Ne6 40. Nb3 Ke5 41. g3 g5 42. Kd3 h5 43. a4 h4 44. b5 Kd6 45. Nd4 Nc5+ 46. Ke3 hxg3 0-1

[Event "EU-ch Online 2300+ Qual"]
[Site "Chess.com INT"]
[Date "2020.05.29"]
[Round "4"]
[White "Kardashevskiy, Evgeny"]
[Black "Krayz, Alexander"]
[Result "1/2-1/2"]
[WhiteElo "2445"]
[BlackElo "2350"]
[PlyCount "95"]
[EventDate "2020.05.29"]
[EventType "swiss"]
[EventRounds "8"]
[EventCountry "NET"]
[SourceTitle "CBM 196 Extra"]
[Source "ChessBase"]
[SourceDate "2020.07.31"]
[SourceVersion "1"]
[SourceVersionDate "2020.07.31"]
[SourceQuality "1"]

1. d4 Nf6 2. Nf3 e6 3. c4 b6 4. g3 Ba6 5. Qb3 Bb7 6. Bg2 c5 7. dxc5 Bxc5 8. 0-0 0-0 9. Nc3 Na6 10. Rd1 Be7 11. Bf4 Nc5 12. Qc2 d6 13. Rac1 a6 14. b4 Nce4 15. Nxe4 Bxe4 16. Qb3 Qb8 17. Ne1 Bxg2 18. Kxg2 Qb7+ 19. f3 d5 20. c5 Rfc8 21. Nd3 Nd7 22. Bd6 Bxd6 23. cxd6 Rc6 24. Rxc6 Qxc6 25. Rc1 Qxd6 26. Qc3 Kf8 27. a4 f6 28. Qd4 Ke7 29. Qg4 Kf7 30. Qh5+ Kg8 31. b5 axb5 32. axb5 Nc5 33. Nf4 e5 34. Nh3 d4 35. Nf2 Qd5 36. Ra1 g6 37. Rxa8+ Qxa8 38. Qg4 Qe8 39. Ne4 Nxe4 40. fxe4 Kg7 41. Kf2 h5 42. Qh3 Qxb5 43. Qe6 Qc5 44. Qd7+ Kh6 45. Qd8 Kg7 46. Qd7+ Kg8 47. Qe6+ Kg7 48. Qd7+ 1/2-1/2

[Event "EU-ch Online 2300+ Qual"]
[Site "Chess.com INT"]
[Date "2020.05.29"]
[Round "3"]
[White "Krayz, Alexander"]
[Black "Costachi, Mihnea"]
[Result "0-1"]
[WhiteElo "2350"]
[BlackElo "2471"]
[PlyCount "94"]
[EventDate "2020.05.29"]
[EventType "swiss"]
[EventRounds "8"]
[EventCountry "NET"]
[SourceTitle "CBM 196 Extra"]
[Source "ChessBase"]
[SourceDate "2020.07.31"]
[SourceVersion "1"]
[SourceVersionDate "2020.07.31"]
[SourceQuality "1"]

1. e4 e5 2. Nf3 Nc6 3. Bb5 a6 4. Ba4 d6 5. c3 g6 6. 0-0 Bg7 7. h3 Bd7 8. d4 Nf6 9. Re1 0-0 10. Nbd2 Re8 11. Bb3 Qe7 12. Nf1 Qf8 13. Ng3 Rad8 14. Ng5 Re7 15. f4 h6 16. Nf3 exd4 17. cxd4 Bc8 18. Bd2 Qe8 19. e5 dxe5 20. fxe5 Nd5 21. Qc1 Kh7 22. Qc5 Be6 23. Rac1 Red7 24. Ne4 Nce7 25. Ba4 b5 26. Bb3 Nf5 27. Qc2 Nb6 28. Nf6+ Bxf6 29. exf6 Nc4 30. Bxc4 bxc4 31. Bc3 Qh8 32. d5 Rxd5 33. g4 Nd6 34. Qf2 Nb5 35. Be5 Rd3 36. Rf1 Qf8 37. Rce1 R8d5 38. Kg2 c3 39. Qh4 Rxf3 40. Rxf3 c2 41. Rf2 Qc5 42. Rc1 Rxe5 43. Rcxc2 Bd5+ 44. Kh2 Qd6 45. Qg3 Nd4 46. Rc1 Ne2 47. Rxe2 Rxe2+ 0-1

[Event "EU-ch Online 2300+ Qual"]
[Site "Chess.com INT"]
[Date "2020.05.29"]
[Round "5"]
[White "Krayz, Alexander"]
[Black "Grinev, Valeriy"]
[Result "0-1"]
[WhiteElo "2350"]
[BlackElo "2441"]
[PlyCount "104"]
[EventDate "2020.05.29"]
[EventType "swiss"]
[EventRounds "8"]
[EventCountry "NET"]
[SourceTitle "CBM 196 Extra"]
[Source "ChessBase"]
[SourceDate "2020.07.31"]
[SourceVersion "1"]
[SourceVersionDate "2020.07.31"]
[SourceQuality "1"]

1. e4 c5 2. Nf3 e6 3. c3 Nf6 4. e5 Nd5 5. d4 cxd4 6. cxd4 d6 7. Bc4 Be7 8. 0-0 0-0 9. Qe2 b6 10. Bd2 Bb7 11. Nc3 Nxc3 12. Bxc3 Nd7 13. Rad1 dxe5 14. dxe5 Qc7 15. Bb3 Rfd8 16. Rfe1 Nc5 17. Bc2 Rxd1 18. Rxd1 Rd8 19. Rxd8+ Qxd8 20. b4 Nd7 21. Qd3 g6 22. h4 Bxf3 23. Qxf3 Bxh4 24. g3 Be7 25. Qb7 a5 26. a3 axb4 27. axb4 Nf8 28. Be4 Qd1+ 29. Kg2 Bd8 30. b5 h5 31. Bb4 h4 32. Qa8 hxg3 33. fxg3 Qe2+ 34. Kh3 Qh5+ 35. Kg2 Qg5 36. Bd6 Be7 37. Qc6 Qd2+ 38. Kf1 Bxd6 39. exd6 Qd1+ 40. Kg2 Qe2+ 41. Kh1 Qe1+ 42. Kh2 Qf2+ 43. Bg2 Qd4 44. Qc7 g5 45. Qe7 g4 46. Qg5+ Kh7 47. Qe7 Kg7 48. Bc6 Ng6 49. Qd8 Qd2+ 50. Kg1 Ne5 51. d7 Nf3+ 52. Bxf3 gxf3 0-1

[Event "EU-ch Online 2300+ Qual"]
[Site "Chess.com INT"]
[Date "2020.05.29"]
[Round "1"]
[White "Krayz, Alexander"]
[Black "Mchedlishvili, Mikheil"]
[Result "0-1"]
[WhiteElo "2350"]
[BlackElo "2570"]
[PlyCount "90"]
[EventDate "2020.05.29"]
[EventType "swiss"]
[EventRounds "8"]
[EventCountry "NET"]
[SourceTitle "CBM 196 Extra"]
[Source "ChessBase"]
[SourceDate "2020.07.31"]
[SourceVersion "1"]
[SourceVersionDate "2020.07.31"]
[SourceQuality "1"]

1. e4 c5 2. Nf3 e6 3. c3 Nf6 4. e5 Nd5 5. d4 cxd4 6. cxd4 d6 7. Bc4 Nc6 8. 0-0 Be7 9. Qe2 0-0 10. Bd2 Qb6 11. Nc3 Nxd4 12. Nxd4 Qxd4 13. exd6 Bxd6 14. Nb5 Qe5 15. Nxd6 Qxd6 16. Rad1 Bd7 17. Bxd5 exd5 18. Bc3 Rfe8 19. Qh5 Bc6 20. Rd4 Qg6 21. Qf3 Re4 22. Rfd1 Rae8 23. h3 h5 24. Kh2 a6 25. a3 Kh7 26. Kg1 R8e6 27. R1d3 Bb5 28. Rd2 Bc4 29. Kh2 h4 30. Qd1 Qg5 31. Qc2 Qf4+ 32. g3 hxg3+ 33. fxg3 Qe3 34. b3 Rg6 35. Rg2 Rxd4 36. Bxd4 Qxd4 37. bxc4 dxc4 38. Qf5 Qf6 39. Qe4 Qc6 40. Qf5 Kg8 41. Rd2 Re6 42. h4 c3 43. Rd8+ Re8 44. Rxe8+ Qxe8 45. Qc5 Qc6 0-1

[Event "EU-ch Online 2300+ Qual"]
[Site "Chess.com INT"]
[Date "2020.05.29"]
[Round "8"]
[White "Polivanov, Anatoliy"]
[Black "Krayz, Alexander"]
[Result "0-1"]
[WhiteElo "2452"]
[BlackElo "2350"]
[PlyCount "102"]
[EventDate "2020.05.29"]
[EventType "swiss"]
[EventRounds "8"]
[EventCountry "NET"]
[SourceTitle "CBM 196 Extra"]
[Source "ChessBase"]
[SourceDate "2020.07.31"]
[SourceVersion "1"]
[SourceVersionDate "2020.07.31"]
[SourceQuality "1"]

1. e4 e6 2. d4 d5 3. e5 c5 4. c3 Nc6 5. Nf3 Bd7 6. Be2 f6 7. 0-0 fxe5 8. dxe5 Qc7 9. c4 d4 10. Re1 0-0-0 11. Bd3 h6 12. Na3 a6 13. Bf4 g5 14. Bg3 Bg7 15. Nc2 Nge7 16. b4 cxb4 17. Ncxd4 g4 18. Nxc6 Bxc6 19. Nh4 Rd4 20. Qb3 Rhd8 21. Be2 Qa5 22. Qe3 Re4 23. Qc1 Qc5 24. Bf1 Rxe1 25. Qxe1 Qd4 26. Rb1 Qc3 27. Qe2 h5 28. Rb3 Qc1 29. h3 Rd1 30. f3 gxh3 31. gxh3 Bh6 32. Rd3 Rxd3 33. Qxd3 Qe3+ 34. Qxe3 Bxe3+ 35. Bf2 Bf4 36. Bc5 Bg5 37. Ng2 Nf5 38. Bxb4 Bxf3 39. Bd3 h4 40. Kf2 Bc6 41. Be2 Kd7 42. Bg4 Ng3 43. Ne3 Ne4+ 44. Ke2 Bf4 45. Ng2 Bg3 46. Bf3 b6 47. a3 b5 48. cxb5 Bxb5+ 49. Ke3 Ng5 50. Bd6 Nxf3 51. Kxf3 Bc6+ 0-1

[Event "EU-ch Online U2300 Final"]
[Site "Chess.com INT"]
[Date "2020.05.26"]
[Round "6"]
[White "Krayz, Alexander"]
[Black "Caglar, Ahmet Ata"]
[Result "1-0"]
[WhiteElo "2350"]
[BlackElo "2077"]
[PlyCount "81"]
[EventDate "2020.05.26"]
[EventType "swiss"]
[EventRounds "8"]
[EventCountry "NET"]
[SourceTitle "CBM 196 Extra"]
[Source "ChessBase"]
[SourceDate "2020.07.31"]
[SourceVersion "1"]
[SourceVersionDate "2020.07.31"]
[SourceQuality "1"]

1. e4 c5 2. Nf3 Nc6 3. Bb5 g6 4. 0-0 Bg7 5. c3 Nf6 6. e5 Nd5 7. d4 cxd4 8. cxd4 0-0 9. Nc3 Nc7 10. Ba4 d5 11. h3 Bf5 12. Be3 Rc8 13. Qd2 Na5 14. Qe2 Nc4 15. Bf4 Ne6 16. Bh2 Qa5 17. Bb3 Rfd8 18. g4 Bd3 19. Qxd3 Nxb2 20. Qe2 Qxc3 21. Rac1 Qxc1 22. Rxc1 Rxc1+ 23. Kg2 Nc4 24. h4 b5 25. Qd3 b4 26. Ng1 Rc3 27. Qd1 Nb6 28. Ne2 Rc7 29. f4 a5 30. f5 Nf8 31. e6 Rc6 32. exf7+ Kxf7 33. Nf4 gxf5 34. gxf5 Kg8 35. Nxd5 Nxd5 36. Bxd5+ Rxd5 37. Qb3 e6 38. fxe6 Nxe6 39. Qxd5 Ra6 40. Qc4 Rb6 41. Bc7 1-0

[Event "EU-ch Online U2300 Final"]
[Site "Chess.com INT"]
[Date "2020.05.26"]
[Round "2"]
[White "Krayz, Alexander"]
[Black "Giannoulakis, Labros"]
[Result "1-0"]
[WhiteElo "2350"]
[BlackElo "2293"]
[PlyCount "109"]
[EventDate "2020.05.26"]
[EventType "swiss"]
[EventRounds "8"]
[EventCountry "NET"]
[SourceTitle "CBM 196 Extra"]
[Source "ChessBase"]
[SourceDate "2020.07.31"]
[SourceVersion "1"]
[SourceVersionDate "2020.07.31"]
[SourceQuality "1"]

1. e4 e5 2. Nf3 Nc6 3. Bb5 a6 4. Ba4 Nf6 5. Qe2 b5 6. Bb3 Be7 7. c3 d6 8. 0-0 0-0 9. Rd1 Na5 10. Bc2 c5 11. d4 Qc7 12. h3 Bd7 13. dxe5 dxe5 14. Nbd2 c4 15. Nf1 Nb7 16. Ng3 Nc5 17. Nh2 Rad8 18. Qf3 Be6 19. Be3 Rfe8 20. Nf5 Bf8 21. Bg5 Rxd1+ 22. Rxd1 Nfd7 23. Ng4 f6 24. Bc1 Bf7 25. Qg3 Kh8 26. Nfe3 Nb6 27. Nf5 Rd8 28. Qf3 Rxd1+ 29. Qxd1 Qd7 30. Qxd7 Nbxd7 31. Kf1 a5 32. Ke2 b4 33. Nge3 Nb6 34. cxb4 axb4 35. Bd2 Nca4 36. b3 Nb2 37. Bc1 g6 38. Ng3 c3 39. Bxb2 cxb2 40. Nd1 Na8 41. Nxb2 Nc7 42. Bd3 Ne6 43. Bc4 Nd4+ 44. Kd3 Be8 45. Ne2 Bc5 46. f3 f5 47. Bd5 Nb5 48. Nc4 Bd4 49. Nxd4 exd4 50. e5 Kg7 51. Nd6 Nxd6 52. exd6 Kf6 53. Kxd4 f4 54. Kc5 Ke5 55. Bc6 1-0

[Event "EU-ch Online U2300 Final"]
[Site "Chess.com INT"]
[Date "2020.05.26"]
[Round "3"]
[White "Tobak, Mikhail"]
[Black "Krayz, Alexander"]
[Result "0-1"]
[WhiteElo "2067"]
[BlackElo "2350"]
[PlyCount "164"]
[EventDate "2020.05.26"]
[EventType "swiss"]
[EventRounds "8"]
[EventCountry "NET"]
[SourceTitle "CBM 196 Extra"]
[Source "ChessBase"]
[SourceDate "2020.07.31"]
[SourceVersion "1"]
[SourceVersionDate "2020.07.31"]
[SourceQuality "1"]

1. e4 e6 2. d3 d5 3. Nd2 g6 4. Ngf3 Bg7 5. g3 Nf6 6. Bg2 0-0 7. 0-0 c5 8. Re1 Nc6 9. Qe2 b6 10. Nf1 h6 11. h4 e5 12. exd5 Nxd5 13. Ne3 Be6 14. c3 Qd7 15. Nc4 Rfe8 16. a4 Rad8 17. Rd1 Bg4 18. Ne3 Be6 19. Bd2 Nc7 20. Be1 Bh3 21. Qf1 Bxg2 22. Qxg2 Qe6 23. h5 e4 24. dxe4 Qxe4 25. hxg6 fxg6 26. Nd2 Qxg2+ 27. Kxg2 Ne5 28. Ndc4 Nd3 29. Kf1 Nxe1 30. Kxe1 h5 31. Ke2 Ne6 32. a5 Nd4+ 33. cxd4 cxd4 34. axb6 axb6 35. Ra6 dxe3 36. Rxd8 Rxd8 37. Nxe3 Bd4 38. b3 Re8 39. Kd3 Bxe3 40. fxe3 Re6 41. Kd4 Kg7 42. e4 Kf6 43. b4 g5 44. b5 h4 45. gxh4 gxh4 46. Ra8 Rd6+ 47. Ke3 Kg5 48. Rg8+ Rg6 49. Rh8 Rh6 50. Rg8+ Kf6 51. Kf4 h3 52. Rg1 h2 53. Rh1 Ke6 54. Kg5 Rh8 55. Kf4 Rh7 56. Ke3 Ke5 57. Kf3 Rh8 58. Kg2 Kxe4 59. Re1+ Kd5 60. Kh1 Kc5 61. Re5+ Kc4 62. Rg5 Rd8 63. Kxh2 Rd5 64. Rg1 Kxb5 65. Rb1+ Kc5 66. Kg2 b5 67. Kf3 b4 68. Ke4 Rd8 69. Rc1+ Kb5 70. Rb1 Kc4 71. Rc1+ Kb3 72. Rb1+ Kc3 73. Rc1+ Kb2 74. Rc7 b3 75. Ke3 Kb1 76. Rc6 b2 77. Ra6 Rd5 78. Ke2 Kc2 79. Rc6+ Kb3 80. Rb6+ Kc3 81. Rc6+ Kb4 82. Rb6+ Rb5 0-1